Na jakim kontynencie leżą te państwa? - Statystyki

Ogólne statystyki
  • Ten quiz został rozwiązany 128 razy
    45 od ostatniego zresetowania
  • Średni wynik to 8 z 15
Statystyki odpowiedzi
Państwo Kontynent % Poprawnych
Polska Europa
100%
Brazylia Ameryka Południowa
89%
Chiny Azja
89%
Libia Afryka
84%
Białoruś Europa
84%
Algieria Afryka
79%
Stany Zjednoczone Ameryka Północna
79%
Belize Ameryka Północna
68%
Wyspy Świętego Tomasza i Książęca Afryka
26%
Antigua i Barbuda Ameryka Północna
26%
Mikronezja Oceania
26%
Rwanda Afryka
21%
Timor Wschodni Azja
21%
Malta Europa
21%
Wyspy Marshalla Oceania
21%
Nie znaleziono quizów pasujących do podanych kryteriów
Rozkład punktacji
Procent ludzi z każdym wynikiem
Percentyl według liczby udzielonych odpowiedzi
Twoja historia wyników
Nie rozwiązałeś tego quizu od ostatniego zresetowania